000 00512nam a2200193Ia 4500
005 20140403132031.0
008 140130s9999 xx 000 0 und d
020 _a9780439148030
050 _aPZ 7
_b.C5792Raig 2007
100 _aCleary, Beverly
_96061
245 _cBeverly Cleary.
_aRamona Forever :
_bbig surprises are coming for Ramona /
260 _bScholastic,
_c2007.
_aUSA :
300 _a182 p. :
_c19 cm.
440 _v1
521 _aG6
526 _c810
942 _cBK
_2lcc
999 _c41184
_d41184